| 000 | | | 03685nmc2a22000003x 450 |
| 001 | | | 142f0165-bee6-47d3-b8c6-e57bb4061e46 |
| 005 | | | 20210421203917.0 |
| 100 | ## | $a | 20190401l18731877k l0rusy0189 ca |
| 101 | 0# | $a | rus |
| 102 | ## | $a | RU |
| 200 | 1# | $a | Дело о политическом ссыльном из дворян Царства Польского Ромуальде Заржицком |
| | $j | 17 июля 1873 г. - 6 мая 1877 г. |
| 251 | ## | $c | Дело |
| 300 | ## | $a | Дело |
| 801 | #0 | $a | RU |
| | $b | РГИА |
| | $c | 20190401 |
| | $g | RCR |
| 801 | #1 | $a | RU |
| | $b | ГлавНИВЦ |
| | $c | 20190401 |
| | $2 | rusmarc |
| 801 | #2 | $a | RU |
| | $b | ПБ им. Б.Н. Ельцина |
| | $c | 20210421 |
| | $g | RCR |
| | $2 | rusmarc |
| 850 | ## | $a | РГИА |
| 852 | ## | $a | РГИА |
| | $e | Федеральное казенное учреждение "Российский государственный исторический архив" (РГИА) |
| | $j | 1165 |
| 937 | ## | $h | РГИА |
| | $d | 12312335 |
| | $a | ASBIBLIO_SCAN |
| 462 | #0 | $1 | 0014af67a45-48db-4e4b-9cc3-13b4608e89f1 |
| | $1 | 2001 |
| | $a | Дела Департамента полиции исполнительной МВД за 1873 год |
| | $1 | 251 |
| | $c | Опись |
| | $1 | 852 |
| | $j | 34 |
| | $l | 1873 г. |
| 461 | #0 | $1 | 0013e300ed0-cd39-49af-8489-5ba5b90fa401 |
| | $1 | 2001 |
| | $a | Департамент полиции исполнительной МВД |
| | $1 | 251 |
| | $c | Фонд |
| | $1 | 852 |
| | $j | 1286 |
| 215 | ## | $a | 31 л. |
| | $d | 36,5х26 см |
| 371 | ## | $a | Документ не является опубликованным и широко распространяемым |
| 105 | ## | $a | y### |
| 122 | 2# | $a | d |
| 035 | ## | $a | 142f0165-bee6-47d3-b8c6-e57bb4061e46 |
| 856 | ## | $u | http://readingroom.main.prlib.ru/item.aspx?id_node=n162883687&mode=full |